000055272 001__ 55272
000055272 005__ 20230317124052.0
000055272 0247_ $$2URN$$aurn:nbn:de:hebis:30-56270
000055272 037__ $$aGDS-IMPORT-DOC-2008-Jul-20-1
000055272 041__ $$aEnglish
000055272 0881_ $$aGSI Diss 2008-06
000055272 088__ $$2GSI$$aGSI Diss 2008-06
000055272 1001_ $$0P:(DE-HGF)0$$aDeveaux, Michael $$b0$$eCorresponding author$$gmale
000055272 245__ $$aDevelopment of fast and radiation hard Monolithic Active Pixel Sensors (MAPS) optimized for open charm messon detection with the CBM-vertex detector $$f - 2008-03-20
000055272 260__ $$aDarmstadt$$bGSI$$c2008
000055272 300__ $$a233 p.
000055272 3367_ $$2DataCite$$aOutput Types/Dissertation
000055272 3367_ $$2ORCID$$aDISSERTATION
000055272 3367_ $$2BibTeX$$aPHDTHESIS
000055272 3367_ $$02$$2EndNote$$aThesis
000055272 3367_ $$0PUB:(DE-HGF)29$$2PUB:(DE-HGF)$$aReport$$mreport
000055272 3367_ $$0PUB:(DE-HGF)11$$2PUB:(DE-HGF)$$aDissertation / PhD Thesis$$bphd$$mphd$$s1488897873_11045
000055272 3367_ $$2DRIVER$$adoctoralThesis
000055272 500__ $$aIMPORT aus dem GDS: https://www.gsi.de/documents/DOC-2008-Jul-20.html
000055272 502__ $$aUniversität Frankfurt/M., Diss., 2008$$bDr.$$cUniversität Frankfurt/M.$$d2008
000055272 536__ $$0G:(DE-HGF)POF2-899$$a899 - ohne Topic (POF2-899)$$cPOF2-899$$fPOF I$$x0
000055272 650_7 $$0V:(DE-588b)4012494-0$$2GND$$aDissertation$$xDiss.
000055272 8564_ $$uhttps://repository.gsi.de/record/55272/files/GSI-Diss-2008-06.pdf$$yRestricted
000055272 8564_ $$uhttps://repository.gsi.de/record/55272/files/GSI-Diss-2008-06.gif?subformat=icon$$xicon$$yRestricted
000055272 8564_ $$uhttps://repository.gsi.de/record/55272/files/GSI-Diss-2008-06.jpg?subformat=icon-180$$xicon-180$$yRestricted
000055272 8564_ $$uhttps://repository.gsi.de/record/55272/files/GSI-Diss-2008-06.jpg?subformat=icon-700$$xicon-700$$yRestricted
000055272 909CO $$ooai:repository.gsi.de:55272$$pVDB
000055272 9131_ $$0G:(DE-HGF)POF2-899$$1G:(DE-HGF)POF2-890$$2G:(DE-HGF)POF2-800$$3G:(DE-HGF)POF2$$4G:(DE-HGF)POF$$aDE-HGF$$bProgrammungebundene Forschung$$lohne Programm$$vohne Topic$$x0
000055272 920__ $$lyes
000055272 9201_ $$0I:(DE-Ds200)BUD-20051214OR030$$kBUD$$lBibliothek & Dokumentation$$x0
000055272 970__ $$aGDS-IMPORT-DOC-2008-Jul-20
000055272 980__ $$aphd
000055272 980__ $$aVDB
000055272 980__ $$areport
000055272 980__ $$aI:(DE-Ds200)20120319OR030
000055272 980__ $$aI:(DE-Ds200)BUD-20051214OR030
000055272 980__ $$aUNRESTRICTED